Közösséget a közösséggel, mindezt a közösségért

Bibliographic Details
Other Authors: Sárközi, János (Interviewer)
Format: Article
Language:Hungarian
PhysicalDescription:Fotografie
ISSN:1336-3638
Subjects:

MARC

LEADER 00000nab a2200000 4500
001 vtls012145221
003 SK-MaSNL
005 20260318140518.0
008 220802|2022 xo |||| || ||00 0|hun
015 |a SNBRB2022/07 
040 |a DSZK  |b slo  |c DSZK  |e rda 
041 |a hun 
043 |a e-xo--- 
044 |a xo  |c SK 
072 7 |a 352/354  |x Stupne miestnej, oblastnej a ústrednej správy  |2 konspekt 
080 |a 352.075.51  |x (437.612)  |2 2011 
100 1 |a Sárközi, János  |4 ivr  |9 374303 
245 1 0 |a Közösséget a közösséggel, mindezt a közösségért  |c Sárközi János 
300 |b Fotografie 
336 |a text  |b txt  |2 rdacontent 
337 |a bez média  |b n  |2 rdamedia 
338 |a zväzok  |b nc  |2 rdacarrier 
600 1 7 |a Rabay, Anikó  |2 dszk  |9 1111812 
650 0 7 |a starostovia  |2 SNKPH  |9 29670 
650 0 7 |a rozvoj obcí  |2 SNKPH  |9 74207 
651 7 |a Ohrady (Slovensko)  |2 SNKPHgeo  |9 106891 
700 1 |a Rabay, Anikó  |4 ive  |9 1111812 
773 0 |t Csallóköz  |g Évf. 61, sz. 30 (2022), o. 10-13  |x 1336-3638 
852 |a DSZK  |b KIS3GCP 
958 |a SK 
958 |a HU 
958 |a RG 
999 |c 1834530  |d 1836460